| 000 | 00385nam a22001697a 4500 | ||
|---|---|---|---|
| 003 | OSt | ||
| 005 | 20220204141209.0 | ||
| 008 | 220204b |||||||| |||| 00| 0 eng d | ||
| 020 | _a9789332550032 | ||
| 040 | _cH.U | ||
| 082 | _a621.902 | ||
| 100 |
_aMachine _929747 |
||
| 245 | _aMachine Tool Practices | ||
| 250 | _a9th | ||
| 260 |
_aIndia _bPearson _c2010 |
||
| 942 |
_2ddc _cBOOKS _n0 |
||
| 999 |
_c29299 _d29299 |
||